| 000 | 00538cam a2200205ua 4500 | ||
|---|---|---|---|
| 001 | 5267 | ||
| 008 | 150213n ii |||gr||||Z||||||eng | ||
| 020 | _a0-19-281052-9 | ||
| 040 | _cMAIN | ||
| 041 | _aeng | ||
| 082 | _a821 | ||
| 100 |
_aWordsworth, William, _eAuthor, |
||
| 245 |
_aWordsworth : _bpoetical works / _cby William Wordsworth . |
||
| 250 | _a1st. | ||
| 260 |
_aDelhi: _bOxford university press, _c1988. |
||
| 300 |
_axxx;779p: _c15cm. |
||
| 653 | _aEnglish poetry | ||
| 700 |
_aHutchinson, Thomas, _eEditor, |
||
| 942 | _cBK | ||
| 999 |
_c4449 _d4449 |
||